header

Our first family's home (Record no. 150363)

MARC details
000 -LEADER
fixed length control field 02183nam a2200469Ia 4500
082 04 - DEWEY DECIMAL CLASSIFICATION NUMBER
Classification number 977.1/57
245 00 - TITLE STATEMENT
Title Our first family's home
260 ## - PUBLICATION, DISTRIBUTION, ETC. (IMPRINT)
Place of publication Athens :
Name of publisher Ohio University Press, in association with the Friends of the Ohio Governor's Residence and Heritage Garden,
Year of publication c2008.
300 ## - PHYSICAL DESCRIPTION
Number of Pages viii, 131 p. :
Other physical details col. ill., col. map.
650 #0 - SUBJECT ADDED ENTRY--TOPICAL TERM
Topical Term Architecture, Domestic
Topical Term Endemic plants
Topical Term Governors
Topical Term Historic gardens
Topical Term Landscape gardening
700 1# - ADDED ENTRY--PERSONAL NAME
Personal name Adams, Ian,
Personal name Mairose, Mary Alice.
Personal name McElwain, Dianne.
856 40 - ELECTRONIC LOCATION AND ACCESS
Uniform Resource Identifier http://site.ebrary.com/lib/rucke/Doc?id=10246276

No items available.

© 2026 Rongo University
Contact us: librarian | system librarian | Rongo university